Békés mezőváros parasztsága a Mária Terézia korabeli urbérrendezés idején
Elmentve itt :
| Szerző: | |
|---|---|
| További közreműködők: | |
| Dokumentumtípus: | Szakdolgozat |
| Megjelent: |
1971
|
| Tárgyszavak: | |
| Online Access: | http://diploma.bibl.u-szeged.hu/54752 |
| LEADER | 00572nta a2200157 i 4500 | ||
|---|---|---|---|
| 001 | dipl54752 | ||
| 005 | 20151221100513.0 | ||
| 008 | 151221s1971 hu om 0|| hun d | ||
| 040 | |a SZTE Diploma Repozitórium |b hun | ||
| 041 | |a hun | ||
| 100 | 1 | |a Kiss János | |
| 245 | 1 | 0 | |a Békés mezőváros parasztsága a Mária Terézia korabeli urbérrendezés idején |h [elektronikus dokumentum] / |c János Kiss |
| 260 | |c 1971 | ||
| 650 | 4 | |a Bölcsészettudományok | |
| 700 | 1 | |a Szántó Imre |e ths | |
| 856 | 4 | 0 | |u http://diploma.bibl.u-szeged.hu/id/eprint/54752/1/1971_kiss_janos.pdf |z Dokumentum-elérés |